000 00326 a2200109 4500
090 _c4885
_d4885
100 _aKenneth C. Laudon
245 _aEssentials of Management Information Systems
_bTransforming Business and Management
250 _a3rd Ed
260 _aPrentice Hall
_bNew Jersey
_c1999
942 _aNBS
_cBK
_k658.4038 LAU
999 _c347315
_d347315